000 00393nam a2200169Ia 4500
001 30443
003 IN-NITTTR
005 20251114233411.0
008 251113s9999||||xx |||||||||||||| ||eng||
040 _beng
040 _cIN-NITTTR
041 _aeng
082 _a954.03 S11S
100 _aSharma, Malti
245 0 _aSawatantarta sangram aur mahilaye /
_cSharma, Malti
942 _2ddc
_cBK
999 _c33071
_d33071